000 00775cam a2200229 a 4500
001 14328261
003 OSt
005 20160112120455.0
008 060404s2006 nyua f 000 0 eng
020 _a9780670037858
040 _aSEKU
050 0 0 _aPS 3561.A678
_bK3
100 1 _aKaron, Jan.
245 1 4 _aThe Mitford bedside companion
_cJan Karon ; edited by Brenda Furman.
260 _aNew York :
_bViking,
_c2006.
300 _a 487 p. :
_bill.
500 _aA treasury of favorite Mitford moments, author reflections on the bestselling series, and more, much more.
600 1 0 _aKaron, Jan,
_d1937-
_tMitford years
_vHandbooks, manuals, etc.
650 0 _aMitford (N.C. : Imaginary place)
_vHandbooks, manuals, etc.
700 1 _aFurman, Brenda.
942 _2lcc
_cGEN
999 _c9833
_d9833